[Event "Muensterland Verbandsklasse 1314"]
[Site "Germany"]
[Date "2014.02.08"]
[Round "6.8"]
[White "Spaeker, Helmut"]
[Black "Herdering, Sebastian"]
[Result "0-1"]
[WhiteElo "1619"]
[BlackElo "1440"]
[PlyCount "48"]
[EventDate "2013.09.21"]
[EventType "team-tourn"]
[EventRounds "9"]
[EventCountry "GER"]
[SourceTitle "EXT 2015"]
[Source "ChessBase"]
[SourceDate "2014.11.20"]
[SourceVersion "1"]
[SourceVersionDate "2014.11.20"]
[SourceQuality "1"]
[WhiteTeam "Suedlohn II"]
[BlackTeam "Metelen"]
[WhiteTeamCountry "GER"]
[BlackTeamCountry "GER"]

1. e4 c5 2. Nf3 d6 3. Bb5+ Bd7 4. Bxd7+ Nxd7 5. d4 cxd4 6. Qxd4 Ngf6 7. Bg5 g6 8. Bxf6 Nxf6 9. Nc3 Bg7 10. 0-0-0 0-0 11. Nd5 Nxd5 12. Qxd5 Qb6 13. c3 Qxf2 14. Nd4 Rac8 15. g3 Rc5 16. Qxc5 dxc5 17. Nc2 Qe2 18. Rd7 Qxe4 19. Re1 Qg2 20. Rexe7 Bf6 21. Re1 Kg7 22. Rd2 Bg5 23. Ne3 Bxe3 24. Rxe3 Qg1+ 0-1